| 000 | 00379nam a2200145Ia 4500 | ||
|---|---|---|---|
| 008 | 150201s2003 xx 000 0 und d | ||
| 082 |
_a617.692 _bA2003W |
||
| 100 | _aWEINBURG, LAWRENCE | ||
| 245 | _aATLAS OF TOOTH -AND IMPLANT -SUPPORTED | ||
| 250 | _a1ST | ||
| 260 |
_bQUINTESSENCE PUBLICATION _aCHICAGO _c2003 |
||
| 300 | _a1-223 | ||
| 650 | _aIMPLANTOLOGY | ||
| 942 |
_2ddc _cBK |
||
| 999 |
_c4472 _d4472 |
||